কার্ল মার্কস / (Record no. 12662)
[ view plain ]
| 000 -LEADER | |
|---|---|
| fixed length control field | 00807nam a2200253 a 4500 |
| 001 - CONTROL NUMBER | |
| JCCL Control Number | 12662 |
| 003 - CONTROL NUMBER IDENTIFIER | |
| JCCL marc code | BD-JhCC |
| 005 - DATE AND TIME OF LATEST TRANSACTION | |
| control field | 20221102102214.0 |
| 008 - FIXED-LENGTH DATA ELEMENTS--GENERAL INFORMATION | |
| fixed length control field | 221102s20132021bg |||| ||a| 000 0 ben d |
| 020 ## - INTERNATIONAL STANDARD BOOK NUMBER | |
| International Standard Book Number | 9847012002745 |
| 035 ## - SYSTEM CONTROL NUMBER | |
| system control number | (BD-JhCC)12662 |
| 040 ## - CATALOGING SOURCE | |
| Original cataloging agency | BD-JhCC |
| Modifying agency | BD-JhCC |
| 041 ## - LANGUAGE CODE | |
| Language code of Book | ben |
| 082 ## - DEWEY DECIMAL CLASSIFICATION NUMBER | |
| Classification number | 920 |
| Author mark and Year | ZAM 2021 |
| 100 ## - MAIN ENTRY--PERSONAL NAME | |
| Personal name | জামান, মনির |
| 245 ## - TITLE STATEMENT | |
| Title | কার্ল মার্কস / |
| Statement of responsibility, etc | মনির জামান |
| 260 ## - PUBLICATION, DISTRIBUTION, ETC. (IMPRINT) | |
| Place of publication, distribution, etc | ঢাকা : |
| Name of publisher, distributor, etc | কথা প্রকাশ, |
| Date of publication, distribution, etc | ২০২১ |
| 300 ## - PHYSICAL DESCRIPTION | |
| Pagination | ৭২ পৃ. : |
| Dimensions | ২২ সেমি. |
| 490 ## - SERIES STATEMENT | |
| Series statement | জীবনী গ্রন্থমালা |
| 504 ## - BIBLIOGRAPHY, ETC. NOTE | |
| Bibliography, etc | গ্রন্থপঞ্জি অন্তর্ভূক্ত। |
| 600 ## - SUBJECT ADDED ENTRY--PERSONAL NAME | |
| Personal name | Marx, Karl |
| 650 ## - SUBJECT ADDED ENTRY--TOPICAL TERM | |
| Topical term or geographic name as entry element | Biography |
| 942 ## - ADDED ENTRY ELEMENTS (KOHA) | |
| Source of classification or shelving scheme | Dewey Decimal Classification |
| Koha item type | Books |
| Source of classification or shelving scheme | Damaged status | Not for loan | Home library | Current library | Shelving location | Date of accession | Cost, normal purchase price | Total Checkouts | Full call number | Barcode | Date last seen | Copy number | Koha item type |
|---|---|---|---|---|---|---|---|---|---|---|---|---|---|
| Dewey Decimal Classification | JCC Rouf Library | JCC Rouf Library | General Stacks | 11/02/2022 | 72.00 | 920 ZAM 2021 | 17509 | 11/02/2022 | C-1 | Books |